01100nam a2200241 a 450000100100000000500170001000800410002704000250006808200160009310000290010924501460013826000280028430000210031249000460033350000740037959000750045359000280052870000230055670000210057983000530060095201880065399900170084100003582420200930074636.0111115s1995 it 000 0 ita d aDO-SdBNPbspacBNPHU axxxxbB444s1 aBellini, Giuseppe91385910aSaggi e ricerche sulle culture extraeuropee :batti del convegno di amalfi 30 settembre - 1 ottobre 1994 /cG. Bellini, C. Gorlier, S. Zoppi. aRoma :bBulzoni,c1995. a252 p. ;c24 cm.1 aAfrica - América - Asia - Australiav18 aIncluye referencias bibliográficas y notas al pie de las páginas. aPerteneció a la biblioteca personal de Juan Isidro Jimenes Grullón aInventariado, 2019 /LP.1 aGorlier, C.9617861 aZoppi, S.961787 0aAfrica - América - Asia - Australiav18961788 001050718MOaGRbGRcHDd2011-11-15iLF1l0oxxxx B444sp35824-10r2020-06-25w2020-06-25y1zPerteneció a la biblioteca personal de Juan Isidro Jimenes Grullón.ZNo se presta c35315d35315